Cambridge Companion to Descartes (Record no. 9638)

MARC details
000 -LEADER
fixed length control field 00654nam a2200253 a 4500
020 ## - INTERNATIONAL STANDARD BOOK NUMBER
ISBN 0521968
082 00 - DEWEY DECIMAL CLASSIFICATION NUMBER
Classification number 190
Author Cutter COT
100 ## - MAIN ENTRY--AUTHOR NAME
Author name Cottingham, John
245 ## - TITLE STATEMENT
Title Cambridge Companion to Descartes
260 ## - PUBLICATION, DISTRIBUTION, ETC. (IMPRINT)
Place of publication Cambridge
Name of publisher Cambridge University Press
Year of publication 1992
300 ## - PHYSICAL DESCRIPTION
Number of Pages 441p
500 ## - GENERAL NOTE
General note includes index and biblioraphy
505 2# - FORMATTED CONTENTS NOTE
Formatted contents note Index
650 ## - SUBJECT ADDED ENTRY--TOPICAL TERM
Topical Term Philosophy-Western-Modern
650 ## - SUBJECT ADDED ENTRY--TOPICAL TERM
Topical Term Philosophy-Descartes
942 ## - ADDED ENTRY ELEMENTS (KOHA)
Koha item type Books
700 1# -
-- Cottingham, John
Holdings
Collection code Home library Current library Date acquired Cost, normal purchase price Full call number Accession Number Koha item type
  Henry Martyn Institute Library Henry Martyn Institute Library 08/01/2007 1032.30 190 COT 016591 Books
                   Copyright © 2026 | Henry Martyn Institute | Hyderabad | TS-500052 | INDIA | Implemented by hmi.edu.in
Hit-Count:

Powered by Koha